| 000 | 01176nmc a2200361 a 4500 | ||
|---|---|---|---|
| 003 | AR-BaBNM | ||
| 005 | 20251128205507.0 | ||
| 008 | 011101s1996 ||||||||||||||000 | spa|| | ||
| 020 | _a950-808-105-8 | ||
| 040 | _cAR-BaBNM | ||
| 100 | 1 | _aBoggino, Norberto | |
| 245 | 1 | 0 |
_aPsicogénesis de la matemática y articulación de niveles _bnivel inicial y EGB |
| 260 |
_aRosario _bHomo Sapiens Ediciones _c1996 |
||
| 300 |
_a106 p. _bdiagr., tablas |
||
| 490 | 0 | _aEducación | |
| 504 | _aBibliografía: p. 103-106 | ||
| 650 | 4 | _aENSENANZA DE LAS MATEMATICAS | |
| 650 | 4 | _aTEORIAS DEL APRENDIZAJE | |
| 650 | 4 | _aCONCEPTOS NUMERICOS | |
| 653 | _aCONSTRUCTIVISMO | ||
| 653 | _aPROCESO DE ENSENANZA-APRENDIZAJE | ||
| 653 | _aEDUCACION INICIAL | ||
| 653 | _aEDUCACION GENERAL BASICA | ||
| 700 | 1 |
_aFernández, Susana _ecolaborador |
|
| 700 | 1 |
_aCerri, Beatriz de _ecolaborador |
|
| 700 | 1 |
_aPiancatelli, Gabriela _ecolaborador |
|
| 700 | 1 |
_aZapata, Gabriel _ecolaborador |
|
| 700 | 1 |
_aBarés, Héctor Enrique _eprologuista |
|
| 700 | 1 |
_aAvendaño, Fernando Carlos _eprologuista |
|
| 800 | 1 |
_aAvendaño, Fernando Carlos _edirector |
|
| 942 | _cBK | ||
| 998 | _csilvi | ||
| 999 |
_c11624 _d11624 |
||